000 01222nam0a2200313 4500
001 RU\NLR\b_ik\177284
005 20250616230617.0
035 _a(NLR Aleph) 002249892
090 _a3673919
_c3673919
100 _a20090410d2008 |||y0rusy50 ca
101 0 _aeng
_drus
102 _aRU
105 _aa |||||||||
200 1 _aOn the question about energy of 3.5 eV state of 229Th
_fS.L. Sakharov
210 _aGatchina
_cПИЯФ
_d2008
215 _a11 с.
_cил.
_d20
225 1 _aPreprint
_fRuss. acad. of sciences, Petersburg nuclear physics inst.
_v2788. ПИЯФ-2008
300 _aНа обороте тит. л.: К вопросу об энергии уровня 3,5 эВ в 229Th
300 _aНа обл. надзаг. на рус. яз.
300 _aРез. на рус. яз.
320 _aБиблиогр.: с. 11 (12 назв.)
517 0 _aК вопросу об энергии уровня 3,5 эВ в 229Th
606 1 _aТорий
_xИзотопы
_xЭнергетические уровни
_92212890
_3RU\NLR\AUTH\661329236
686 1 _aВ383.2-3
700 1 _aSacharov
_bS. L.
_gSergej L'vovič
_4070
801 0 _aRU
_bNLR
_c20090410
_gRCR
942 _cBOOK
980 _aNB